Ten ways to make my sister disappear / (Record no. 13526)
[ view plain ]
| 000 -LEADER | |
|---|---|
| fixed length control field | 01729nam a22003017a 4500 |
| 005 - DATE AND TIME OF LATEST TRANSACTION | |
| control field | 20080807112823.0 |
| 008 - FIXED-LENGTH DATA ELEMENTS--GENERAL INFORMATION | |
| fixed length control field | 080807t xxu||||| |||| 00| 0 eng d |
| 010 ## - LCCN (DPL NO) | |
| LC control number | B-282447-452 |
| 020 ## - INTERNATIONAL STANDARD BOOK NUMBER | |
| International Standard Book Number | 8176559466 |
| Terms of availability | 150.00 |
| 035 ## - SYSTEM CONTROL NUMBER | |
| System control number | B-282447-452 |
| 040 ## - CATALOGING SOURCE | |
| Original cataloging agency | DPL |
| Language of cataloging | EN |
| 082 ## - DEWEY DECIMAL CLASSIFICATION NUMBER | |
| Classification number | S |
| 100 ## - MAIN ENTRY--PERSONAL NAME | |
| Personal name | Mazer, Norma Fox |
| 245 ## - TITLE STATEMENT | |
| Title | Ten ways to make my sister disappear / |
| Statement of responsibility, etc | by Norma Fox Mazer |
| 260 ## - PUBLICATION, DISTRIBUTION, ETC. (IMPRINT) | |
| Name of publisher, distributor, etc | Scholastic Inc. |
| Date of publication, distribution, etc | 2007(repr.). |
| Place of publication, distribution, etc | New York |
| 270 ## - ADDRESS | |
| Address | 557 Broadway |
| City | New York |
| 270 ## - ADDRESS | |
| Address | 550 A, Pace City-II, Sector - 37, (Vender) |
| City | Gurgaon |
| Postal code | 122004 |
| Telephone number | 2212432 |
| 300 ## - PHYSICAL DESCRIPTION | |
| Extent | 148p. |
| Dimensions | 20 cm (pbk) |
| 942 ## - ADDED ENTRY ELEMENTS (KOHA) | |
| Item type | Children Books |
| Classification part | S |
| Source of classification or shelving scheme | Dewey Decimal Classification |
| Call number suffix | MAZ |
| Withdrawn status | Lost status | Damaged status | Not for loan | Collection code | Home library | Current library | Date acquired | Cost, normal purchase price | Total Checkouts | Full call number | Barcode | Date last seen | Copy number | Cost, replacement price | Koha item type | Source of classification or shelving scheme | Source of acquisition | Total Renewals |
|---|---|---|---|---|---|---|---|---|---|---|---|---|---|---|---|---|---|---|
| Fiction | Central Library | Central Library | 11/06/2008 | 150.00 | S MAZ | B-282447 | 15/09/2008 | 1 | 150.00 | Children Books | ||||||||
| Fiction | Jor Bagh (Children Lib) | Jor Bagh (Children Lib) | 07/08/2008 | 150.00 | S MAZ | B-282450 | 15/09/2008 | 1 | 150.00 | Children Books | ||||||||
| Fiction | Karol Bagh | Karol Bagh | 07/08/2008 | 150.00 | S MAZ | B-282451 | 15/09/2008 | 1 | 150.00 | Children Books | ||||||||
| Fiction | Patel Nagar | Patel Nagar | 07/08/2008 | 150.00 | S MAZ | B-282448 | 15/09/2008 | 1 | 150.00 | Children Books | ||||||||
| Fiction | Sarojini Nagar | Sarojini Nagar | 07/08/2008 | 150.00 | S MAZ | B-282449 | 15/09/2008 | 1 | 150.00 | Children Books | ||||||||
| Fiction | Shahdara Branch | Shahdara Branch | 07/08/2008 | 150.00 | 4 | S MAZ | B-282452 | 08/05/2023 | 1 | 150.00 | Children Books | |||||||
| Fiction | Vinoba Puri | Vinoba Puri | 19/09/2008 | 150.00 | 19 | S MAZ | B-285488 | 13/01/2016 | 1 | 150.00 | Children Books | Dewey Decimal Classification | Scholastic/TR-A-00118/2.9.08/213/21.7.08/11.9.08 | 3 |
